B-10 y sus documentos de adecuaciones /

Kaydedildi:
Detaylı Bibliyografya
Materyal Türü: Kitap
Dil:İspanyolca
Baskı/Yayın Bilgisi: México : Instituto Mexicano de Contadores Públicos, 1996, c1996
Konular:
Etiketler: Etiketle
Etiket eklenmemiş, İlk siz ekleyin!

MARC

LEADER 00000nam^a2200000^a^4500
001 000052354
005 20250521000000.0
009 20260310090354.06
020 |a 968-6037-39-X 
037 |a Acervo ITESO - Biblioteca 
041 |a ESP 
082 |a 657. 3  |b B10 
245 1 0 |a B-10 y sus documentos de adecuaciones / 
264 4 |a México :  |b Instituto Mexicano de Contadores Públicos,  |c 1996, c1996 
300 |a 160 p. 
336 |a texto  |b txt  |2 rdacontenido 
337 |a sin mediación  |b n  |2 rdamedio 
338 |a volumen  |b nc  |2 rdasoporte 
649 |a XX 
650 |a Ciencias Administrativas 
650 |a Contabilidad 
650 |a Estados Financieros 
650 |a Información Financiera 
910 |a Fondo General 
920 |a Impresos - Libros 
930 |a Colección General 
905 |a 101 
901 |a 0500010124  |b IT1  |c ACC  |u 20250521 
901 |a 0500022122  |b IT1  |c ACC  |u 20250521 
902 |a https://opac.biblio.iteso.mx/vufind/Record/000052354